000 01192nam a2200301 i 4500
001 67399
003 ES-MaACL
005 20230906170047.0
007 t|
008 040524s2003 sp a s00110 spa d
020 _a84-86877-30-X
080 _a026.064(460.27 M.)(083.824)
080 _a791.43(460)(091)(083.824)
110 2 _aFilmoteca Española.
_94128
245 1 3 _aEl cine español en los años 50, 50 años de la Filmoteca Española
_b: sede Filmoteca Española, Palacio de Perales, 11 de junio 2003 /
_c[textos, Elena Cervera, Miguel Marías, Carlos F. Heredero].
260 _a[Madrid] :
_bSociedad Estatal de Conmemoraciones Culturales,
_c[2003]
300 _a205 p. :
_bprincipalmente il. ;
_c30 cm.
610 2 7 _aFilmoteca Española-
_xHistoria-
_vExposiciones.
_94129
650 _aCine-
_zEspaña-
_vExposiciones.
_9171099
655 7 _2tgfbne
_9193628
_aCatálogos de exposiciones
700 1 _aCervera, Elena.
_937629
700 1 _aMarías, Miguel.
_976692
700 1 _aHeredero, Carlos F.
_9147769
710 2 _aSociedad Estatal de Conmemoraciones Culturales (España)
_9134893
852 _aES-MaACL
_jL-27660
942 _2udc
999 _c67399
_d67399